01530nam a22003257a 450000500170000000800410001702000150005804000070007304100080008008200230008810000450011124500580015626000520021430000240026636500360029052003690032665000310069565000490072665000280077565000470080370000390085070000260088970000270091570000310094270000360097370000280100994200120103799900190104995201360106820230719115015.0230719b ||||| |||| 00| 0 eng d a8185220069 cAL aeng 223a297.0922bALAH aMohammad Manzoor Alam...[et. al]9127719 aHundred Great Muslim Leaders of the Twentieth Century aNew DelhibInstitute of Objective Studiesc2005 a485p.bHBc30x22cm. 2Religionb1500.00c₹d1500.00 aHistorical Maps of the 20th Century, Tracing the Historic Changes in the World Through the Century, Preface, By the Editor-in-Chief, Dr. Mohd Manzoor Alam, Chairman, Institute of Objective Studies, India, Introduction, By the Editors, Prof. Z M Khan and Prof. A R Momin. The 100 Great portrayed here represented that indomitable Islamic spirit of "never say die".  aLeaders and Rulers9127708 aRevolutionaries and Freedom Fighters9127709 aWriters a Poets9127710 aEducationists and Social Reformers9127711 aALAM (Mohammad Manzoor) Ed9127712 aKHAN (Z M) Ed9127713 aMOMIN (A R) Ed9127714 aAHMED (Manzoor) Ed9127715 aKHAN (Shaukat Ullah) Ed9127716 aNIZAMI (Z A) Ed9127717 2ddccDB c227986d227986 00102ddc40708OTHaALbALd2023-06-28l0o297.0922 ALAHpD06045r2023-07-19 00:00:00w2023-07-19yDBzDonated by V. T. Rajshekar